MARC details
| 000 -CABECERA |
| campo de control de longitud fija |
02624cab a2200301 ab4500 |
| 005 - FECHA Y HORA DE LA ÚLTIMA TRANSACCIÓN |
| campo de control |
20250924063929.0 |
| 008 - ELEMENTOS DE LONGITUD FIJA--INFORMACIÓN GENERAL |
| campo de control de longitud fija |
991125c2017 sp tr p o 000 0 spa d |
| 035 ## - NÚMERO DE CONTROL DEL SISTEMA |
| Número de control de sistema |
UPN01000235081 |
| 040 ## - FUENTE DE LA CATALOGACIÓN |
| Centro catalogador/agencia de origen |
MX-MxUPN |
| Lengua de catalogación |
spa |
| Centro/agencia transcriptor |
MX-MxUPN |
| Normas de descripción |
aacr2 |
| 049 ## - COLECCIÓN |
| Colección |
ART-E |
| 100 1# - ASIENTO PRINCIPAL--NOMBRE PERSONAL |
| Nombre de persona |
García González, Alfonso Javier |
| Enlace |
- alfonsoj@us.es |
| 100 1# - ASIENTO PRINCIPAL--NOMBRE PERSONAL |
| Nombre de persona |
Bohórquez Gómez-Millán, María Rocío |
| 100 1# - ASIENTO PRINCIPAL--NOMBRE PERSONAL |
| Nombre de persona |
Rubio Rubio, Laura |
| 245 10 - MENCIÓN DE TÍTULO |
| Título |
Competencias comunicativas mediadas en estudiantes universitarios mayores : |
| Resto del título |
alfabetización tecnológica como experiencia innovadora |
| Medio |
[recurso electrónico en línea] |
| 506 0# - NOTA DE RESTRICCIONES AL ACCESO |
| Limitaciones de acceso |
Acceso abierto |
| 520 3# - NOTA DE RESUMEN, ETC. |
| Sumario, etc. |
La globalización ha supuesto un cambio en los estilos de interacción comunicativa, cada vez más mediada digitalmente. Por ello, aquellos que encuentran dificultades en el acceso o manejo de las nuevas tecnologías de la información y la comunicación (personas situadas en la brecha digital) se encuentran en claro riesgo de exclusión social. El colectivo de personas mayores debe adquirir competencias de manejo de estas herramientas como recurso para el envejecimiento activo. Los programas Universitarios de Mayores pueden ser un recurso para la adquisición y entrenamiento de competencias digitales; en este contexto, se describe una experiencia de entrenamiento de competencias de alfabetización digital mediante aprendizaje colaborativo con una metodología de Aprendizaje Basado en Problemas. Los resultados de la intervención muestran que los mayores pueden aprender y aprenden competencias para la identificación de contenidos a adquirir, su búsqueda en la red, análisis y manejo; así como competencias de empleo sistemático adecuado de herramientas de comunicación interpersonal electrónicamente mediadas. En este proceso de aprendizaje, las tutorías virtuales constituyen un poderoso recurso para estos estudiantes. La evaluación de la adquisición de competencias mediante rúbricas puede ser una herramienta accesible más allá de las baterías estandarizadas de evaluación. RELATEC |
| 650 #4 - ASIENTO SECUNDARIO DE MATERIA - TERMINO TEMATICO |
| Término de materia o nombre geográfico como elemento de entrada |
Tecnologías de la información y comunicación |
| 9 (RLIN) |
21219 |
| 650 #2 - ASIENTO SECUNDARIO DE MATERIA - TERMINO TEMATICO |
| Término de materia o nombre geográfico como elemento de entrada |
Adultos mayores |
| 9 (RLIN) |
27578 |
| 650 #2 - ASIENTO SECUNDARIO DE MATERIA - TERMINO TEMATICO |
| Término de materia o nombre geográfico como elemento de entrada |
Aprendizaje basado en problemas |
| 9 (RLIN) |
6423 |
| 653 0# - TERMINO DE INDIZACION - NO CONTROLADO |
| Término no controlado |
Brecha digital |
| 653 0# - TERMINO DE INDIZACION - NO CONTROLADO |
| Término no controlado |
Competencias digitales |
| 773 ## - ENLACE AL DOCUMENTO FUENTE/ENTRADA DE REGISTRO ANFITRIÓN |
| Parte(s) relacionada(s) |
Vol. 16, no. 1, (2017), p. 67-77 |
| Título |
RELATEC : revista latinoamericana de tecnología educativa |
| Número Internacional Normalizado para Publicaciones Seriadas |
1695-288X |
| 856 4# - LOCALIZACIÓN Y ACCESO ELECTRÓNICOS |
| Identificador Uniforme del Recurso |
<a href="https://relatec.unex.es/index.php/relatec/article/view/2821">https://relatec.unex.es/index.php/relatec/article/view/2821</a> |
| 856 4# - LOCALIZACIÓN Y ACCESO ELECTRÓNICOS |
| Identificador Uniforme del Recurso |
<a href="http://dx.medra.org/10.17398/1695-288X.16.1.67">http://dx.medra.org/10.17398/1695-288X.16.1.67</a> |
| 902 ## - ELEMENTOS DE DATOS B LOCAL, LDB (RLIN) |
| Creó |
Leonor Sotres/080825 |
| 905 ## - TIPO DE MATERIAL |
| Tipo de material |
Articulo |
| 942 ## - ELEMENTOS DE PUNTO DE ACCESO ADICIONAL (KOHA) |
| Tipo de ítem Koha |
Artículo Electrónico |